00445nam a22001337a 450000500170000000800410001702000180005804000130007608200170008910000520010624501110015826000310026930000110030020231208110501.0231208b ||||| |||| 00| 0 eng d a9789699368875 cPK-LaUMT a297.4bHAS-I aHassan Sohaib Murad = حسن صہیب مراد aIlam, amal, zindhagi = علم، عمل، زندگی /cby Hassan Sohaib Murad = حسن صہیب مراد aLahore :bUMT Press,c2023 a200 p.